| Tag |
First Indicator |
Second Indicator |
Subfields |
| LEADER |
00000cam a22000001i 4500 |
| 001 |
in00003774559 |
| 006 |
m |o d | |
| 007 |
cr |n||||||||| |
| 008 |
150505s2015 nyua ob 001 0 eng d |
| 005 |
20250816191655.1 |
| 020 |
|
|
|a 0199370109 (electronic bk.)
|
| 020 |
|
|
|a 9780199370108 (electronic bk.)
|
| 020 |
|
|
|z 0199916551
|
| 020 |
|
|
|z 0199916578 (pbk. : alk. paper)
|
| 020 |
|
|
|z 9780199916559
|
| 020 |
|
|
|z 9780199916573 (pbk. : alk. paper)
|
| 024 |
8 |
|
|a 99967369373
|
| 035 |
|
|
|a (NhCcYBP)ybp11413464
|
| 035 |
|
|
|a 5140744
|
| 040 |
|
|
|a NhCcYBP
|c NhCcYBP
|d UtOrBLW
|
| 041 |
1 |
|
|a eng
|h ger
|
| 050 |
|
4 |
|a GV1783
|b .B7313 2015
|
| 082 |
0 |
4 |
|a 792.801
|2 23
|
| 100 |
1 |
|
|a Brandstetter, Gabriele,
|e author.
|0 http://id.loc.gov/authorities/names/n2015003325
|0 http://id.loc.gov/authorities/names/n86060045
|
| 240 |
1 |
0 |
|a Tanz-Lektüren.
|l English
|0 http://id.loc.gov/authorities/names/n2015003325
|
| 245 |
1 |
0 |
|a Poetics of dance :
|b body, image, and space in the historical avant-gardes /
|c Gabriele Brandstetter ; translation from the German by Elena Polzer with Mark Franko.
|
| 264 |
|
1 |
|a New York, NY :
|b Oxford University Press,
|c [2015]
|
| 300 |
|
|
|a 1 online resource.
|
| 336 |
|
|
|a text
|b txt
|2 rdacontent
|
| 337 |
|
|
|a computer
|b c
|2 rdamedia
|
| 338 |
|
|
|a online resource
|b cr
|2 rdacarrier
|
| 490 |
1 |
|
|a Oxford studies in dance theory
|
| 500 |
|
|
|a Electronic resource.
|
| 500 |
|
|
|a Translated from the German.
|
| 504 |
|
|
|a Includes bibliographical references and index.
|
| 588 |
|
|
|a Description based on print version record.
|
| 650 |
|
0 |
|a Body schema.
|0 http://id.loc.gov/authorities/subjects/sh90002796
|
| 650 |
|
0 |
|a Modern dance
|x Philosophy.
|
| 655 |
|
7 |
|a Electronic books.
|2 local
|
| 700 |
1 |
|
|a Polzer, Elena,
|e translator.
|0 http://id.loc.gov/authorities/names/nb2008014088
|
| 710 |
2 |
|
|a UPSO (University Press Scholarship Online)
|
| 776 |
1 |
8 |
|c Original
|z 9780199916559
|z 0199916551
|z 9780199916573
|z 0199916578
|w (DLC) 2014023180
|
| 830 |
|
0 |
|a Oxford studies in dance theory.
|0 http://id.loc.gov/authorities/names/no2013082935
|
| 856 |
4 |
0 |
|u http://proxy.library.tamu.edu/login?url=https://dx.doi.org/10.1093/acprof:oso/9780199916559.001.0001
|z Connect to the full text of this electronic book
|t 0
|
| 955 |
|
|
|a YBP purchased firm e-records
|
| 980 |
|
|
|b 222.75
|g 1
|
| 999 |
f |
f |
|s f0da27a4-0de7-30ac-b7f2-bc103b88e3ee
|i fb509e45-9012-30b3-a8a5-2dd66fb7e784
|t 0
|
| 952 |
f |
f |
|a Texas A&M University
|b College Station
|c Electronic Resources
|d Available Online
|t 0
|e GV1783 .B7313 2015
|h Library of Congress classification
|
| 998 |
f |
f |
|a GV1783 .B7313 2015
|t 0
|l Available Online
|